00759nam a2200181 a 4500001001000000003000400010005001700014008003900031020001500070040002500085100004600110245012900156260007700285300003500362500007000397504007300467700003700540000042621OSt20201002040259.0140203s2000 sp 000 0 spa d a8460711358 aDO-SdBNPbspacBNPHU1 aÁlvarez Toledo, Luisa Isabel de,d1936-10aÁfrica Versus América :bla fuerza del paradigma /cLuisa Isabel Álvarez de Toledo ; prólogo Hashim Ibrahim Cabrera. aEspaña;bCentro de Documentación y Publicaciones Islámicas,c2000. aiii, 510 p. :bmaps. ;c25 cm. aIncluye datos biográficos del autor en la solapa de la cubierta aIncluye referencias bibliográficas y notas al pie de las páginas1 aCabrera, Hashim Ibrahimepról.